Marketingové prostredie jednotného európskeho trhu

Marketingové prostredie európskeho trhu. Analýza vybraných faktorov podnikateľského prostredia európskeho trhu. Ekonomické prostredie, sociálno-demografické prostredie, kultúrne prostredie. EÚ má potenciál zosilniť pozíciu jednotlivých členských štátov v globalizujúcom sa svete proti narastajúcej ko...

Descrizione completa

Salvato in:
Dettagli Bibliografici
Autore principale: Čihovská, Viera
Natura: Capitolo di libro
Lingua:slovacco
Soggetti:
Tags: Aggiungi Tag
Nessun Tag, puoi essere il primo ad aggiungerne!!

MARC

LEADER 00000naa$a2200000$$$4500
001 0101034
005 20240502072114.4
041 0 |a slo 
044 |a SK 
245 1 0 |a Marketingové prostredie jednotného európskeho trhu  |c Viera Čihovská 
520 |a Marketingové prostredie európskeho trhu. Analýza vybraných faktorov podnikateľského prostredia európskeho trhu. Ekonomické prostredie, sociálno-demografické prostredie, kultúrne prostredie. EÚ má potenciál zosilniť pozíciu jednotlivých členských štátov v globalizujúcom sa svete proti narastajúcej konkurencii vo svetovom hospodárstve. Predpokladá to vysokú vnútornú súdržnosť a homogenitu, ktorá povedie k prosperite na celoeurópskej a zároveň národnej úrovni všetkých členských krajín bez rozdielu. 
610 2 0 |a Európska únia 
610 2 0 |a trh spoločný 
610 2 0 |a prostredie podnikateľské 
610 2 0 |a prostredie ekonomické 
610 2 0 |a demografia 
610 2 0 |a kultúra 
100 1 |a Čihovská, Viera